000
00238pab a2200109 454500
008
180718b xxu||||| |||| 00| 0 eng d
100
_a
Prasad, K.R.K.
245
_a
Police in combat
650
_a
Police
773
_a
Statesman
909
_a
22723
999
_c
22723
_d
22723